Statistics for Japanese "Masu" Quiz

Click here to take the quiz!

General Stats

  • This quiz has been taken 35 times
  • The average score is 16 of 43

Answer Stats

____MasuEnglish% Correct
ikimasuto go
100%
nomimasuto drink
77%
tabemasuto eat
70%
nemasuto sleep
70%
benkyoushimasuto study
70%
yomimasuto read
67%
kaerimasuto return
67%
kikimasuto listen
63%
kaimasuto buy
60%
kimasuto come
57%
oyogimasuto swim
57%
hanashimasuto speak
53%
kakimasuto write
53%
tsukurimasuto make
50%
arukimasuto walk
50%
suwarimasuto sit
47%
mimasuto look
43%
wasuremasuto forget
40%
oshiemasuto teach
40%
aimasuto meet
37%
akemasuto open
33%
oboemasuto remember
33%
misemasuto show
33%
imasuto exist
30%
arimasuto exist
30%
owarimasuto finish
23%
sumimasuto live
23%
machimasuto wait
23%
kaburimasuto wear
23%
hakimasuto wear
23%
kimasuto wear
23%
umaremasuto be born
20%
karimasuto borrow
20%
kashimasuto lend
20%
kangaemasuto think
20%
shawaa o abimasuto take a shower
13%
dekakemasuto go out
10%
tachimasuto stand up
10%
asobimasuto hang out
7%
shashin o torimasuto take photos
7%
denwa o kakemasuto make a phone call
3%
shimasuto do/play
0%
okimasuto up
0%

Score Distribution

Percentile by Number Answered

Percent of People with Each Score

Your Score History

You have not taken this quiz